00583 a2200181 45000010006000000050017000060080041000230030015000640400040000790800085001192450050002040200022002542640053002763000019003290410008003481000026003567000019003826096920260407155900.0260407a1996 arg spa dAR-UNSa-BCEJYS aAR-UNSa-BCEJYSbspacAR-UNSa-BCEJYS a342.4xConstituciones. Asambleas legislativas. Asambleas nacionales (Reforma...)10aLa Constitución Argentina de nuestro tiempo a978-950-9385-66-5 1aBuenos Aires :bEdiciones Ciudad Argentinac1996 a439 p.c24 cm. aspa1 aDromi, José Alberto1 aSáenz, Jorge